Welcome to CU Library Online Public Access Catalogue (OPAC)

Encyclopedia of Pharmaceutical Technology (Record no. 8545)

MARC details
000 -LEADER
fixed length control field 00457nam a22001577a 4500
005 - DATE AND TIME OF LATEST TRANSACTION
control field 20251211111156.0
008 - FIXED-LENGTH DATA ELEMENTS--GENERAL INFORMATION
fixed length control field 251211b |||||||| |||| 00| 0 eng d
020 ## - INTERNATIONAL STANDARD BOOK NUMBER
International Standard Book Number 9780824721527
050 ## - LIBRARY OF CONGRESS CALL NUMBER
Classification number RS192
Item number .E53
245 ## - TITLE STATEMENT
Title Encyclopedia of Pharmaceutical Technology
Statement of responsibility, etc. edited by James Swarbrick
250 ## - EDITION STATEMENT
Edition statement 2nd ed.
260 ## - PUBLICATION, DISTRIBUTION, ETC.
Place of publication, distribution, etc. New York
Name of publisher, distributor, etc. Marcel Dekker
Date of publication, distribution, etc. 2004
300 ## - PHYSICAL DESCRIPTION
Extent x. 564p.
Other physical details ill.
Dimensions 28.5cm
700 ## - ADDED ENTRY--PERSONAL NAME
Personal name Swarbrick, James
942 ## - ADDED ENTRY ELEMENTS (KOHA)
Source of classification or shelving scheme Library of Congress Classification
Koha item type Books
Edition 2nd ed.
Suppress in OPAC No
999 ## -
-- 8545
-- 8545
Holdings
Withdrawn status Lost status Source of classification or shelving scheme Damaged status Not for loan Collection Home library Current library Shelving location Date acquired Total checkouts Full call number Barcode Date last seen Copy number Price effective from Koha item type
    Library of Congress Classification     Non-fiction Science Library (Miotso) Science Library (Miotso) Reference 12/11/2025   RS192 .E53 ENC SLM00006594 12/11/2025 1 12/11/2025 Books
    Library of Congress Classification     Non-fiction Science Library (Miotso) Science Library (Miotso) Reference 12/11/2025   RS192 .E53 ENC SLM00006595 12/11/2025 2 12/11/2025 Books
    Library of Congress Classification     Non-fiction Science Library (Miotso) Science Library (Miotso) Reference 12/11/2025   RS192 .E53 ENC SLM00006596 12/11/2025 3 12/11/2025 Books
© 2023-2024 Copyright: Central University Libraries. All Rights Reserved | Created by: Mahone Tech Office